000 01002nam a22002297a 4500
005 20250116143903.0
008 220618b ||||| |||| 00| 0 eng d
040 _cAloy
041 _aTulu
082 _223
_aT928
_bKARD
100 _aKarnataka Tulu Sahitya Akademi:
_9193698
100 _9140191
_d ಕರ್ನಾಟಕ ತುಳು ಸಾಹಿತ್ಯ ಅಕಾಡೆಮಿ
245 _aDharmasthala Manjayya Heggader:
_bಧರ್ಮಸ್ಥಳ ಮಂಜಯ್ಯ ಹೆಗ್ಗಡೆರ್
260 _aMangaluru:
_bKarnataka Tulu Sahitya Akademi,
_c1995
300 _a45p.
_bPB
_c21x14cm.
365 _2Biography
440 _aMadappiyeravandi tuluver: ಮದೆಪ್ಪಿಯೆರಾವಂದಿ ತುಳುವೆರ್;2
_943989
650 _aBiography
_943977
700 _aKARNATAKA TULU SAHITYA AKADEMI: ಕರ್ನಾಟಕ ತುಳು ಸಾಹಿತ್ಯ ಅಕಾಡೆಮಿ
_943978
700 _aUJIRE (Na): ವುಜಿರೆ (ನಾ)
_943987
942 _2ddc
_cGF
999 _c223445
_d223445